Informačné zabezpečenie investičného procesu s možnosťou využitia v kontrole kandidátska dizertačná práca

Guardado en:
Detalles Bibliográficos
Autor principal: Vépyová, Mária
Autor Corporativo: Vysoká škola ekonomická v Bratislave. Fakulta riadenia
Otros Autores: Laca, Ján
Formato: Libro
Lenguaje:eslovaco
Publicado: Bratislava 1984
Etiquetas: Agregar Etiqueta
Sin Etiquetas, Sea el primero en etiquetar este registro!

MARC

LEADER 00000nam a2200000 4500
001 c028017
005 20260108074720.8
041 0 |a slo 
044 |a SK 
245 1 0 |a Informačné zabezpečenie investičného procesu s možnosťou využitia v kontrole  |b kandidátska dizertačná práca  |c Mária Vépyová ; Ved. práce Ján Laca 
264 1 |a Bratislava  |c 1984 
300 |a 163 s. 
100 1 |a Vépyová, Mária 
700 1 |a Laca, Ján 
710 2 |a Vysoká škola ekonomická v Bratislave. Fakulta riadenia